000 00441nab a2200145Ia 4500
003 ES-SlBCS
005 20210601133102.0
008 140529s1956 xxu||||| |||| 00| 0 ita d
041 _aita
100 1 _aMancini, Italo
_912793
245 0 0 _aSperimentalismo e metafisica
_c Italo Mancini
650 0 4 _aExperimentalismo
_9155737
773 0 _tRivista di Filosofia Neoscolastica
_gvol. 48, nº. 4-5-6, 1956, págs. 379-383
_wRev392
942 _cAR
999 _c590472
_d590472